000 00454nam a22001817a 4500
003 MPLRDC
005 20220104184237.0
008 210129b ||||| |||| 00| 0 eng d
020 _a986-00-7503-4
082 _a577.2386 LXL
100 _a李锡隆总编
245 _a云山万里
_c
250 _a初版
260 _a台湾
_b金门县政府
_c2006
300 _b
650 _a移民及侨民--各地华侨状况
942 _cBK
_o577.2386 LXL
999 _c62768
_d62758